000 00285nam a2200121Ia 4500
008 190216s9999||||xx |||||||||||||| ||und||
100 _aSreedhara Menon.A
245 0 _aSurvey Of Kerala History
260 _bPrakasan Kendra
_c1967
300 _a463p
650 _aHistory
942 _cBK
999 _c18903
_d18903